000 01134nam a22003497a 4500
003 DO-SdBPM
005 20260128095000.0
007 ta
008 171124b2011 sp||||| |||| 00| 0 spa d
020 _a9788449437007 (obra completa)
040 _aDO-SdBPM
_bspa
_cBMPSU
_erda
_drda
082 4 _a 511.5
_bT693p 2002
_222
100 4 _aTorres Ruiz, Angela Esther.
_eautora
_4aut.
245 1 0 _aPrincipios básicos de graficación /
_cAngela Esther Torres Ruiz.
_b
250 _a
260 _c
264 _aSan Cristobal, Venezuela :
_bEditorial Feunet ;
_bUniversidad Nacional Experimental del Táchira,
_c2002
300 _a188 páginas :
_bilustraciones ., gráficos ;
_c27 cm.
336 _atext
_btxt
_2rdacontent
337 _asin mediación
_bn
_2rdamedia
338 _avolumen
_bnc
_2rdacarrier
490 _a
500 _a
500 _a
590 _aInventariado, 2026/VM
650 7 _aMatemáticas
_xGráficos
_v
650 7 _aCálculo
_xGráficos.
650 7 _aPedagogía
_xDiccionarios
650 7 _aGraficación (Matemáticas)
910 _aVMateo Control de calidad. BPMSU
942 _2ddc
_cBK
999 _c15634
_d15634